000 00599nam a2200241Ia 4500
003 OSt
005 20220924150444.0
006 a|||||r|||| 00| 0
007 ta
008 220923b |||||||| |||| 00| 0 tel d
020 _c1.50
024 _a333190
037 _cTextual
040 _aARTS
_cARTS
_btel
041 _2tel
_atel
082 _a033,1M04w, 35L5
100 _aPuttappa K.V. Au.
_9222154
245 0 _aPuttappa katha
260 _c1975
650 _aTELUGU POETRY
942 _h033,1M04w, 35L5
_cTEXL
_2CC
999 _c463388
_d463388